| 000 | 01132nam a22002777a 4500 | ||
|---|---|---|---|
| 005 | 2010101908158.0 | ||
| 008 | 101019t xxu||||| |||| 00| 0 hin d | ||
| 010 | _aHIN-96264 | ||
| 020 |
_c250.00 _a9788188060832 |
||
| 035 | _aHN-68610 | ||
| 037 | _bDBAD / PUB | ||
| 040 |
_aDPL _bHN |
||
| 082 | _a920 | ||
| 100 |
_923632 _aमिश्र,विनोद कुमार |
||
| 245 |
_aआइजक न्यूटन / _bजीवन के रोचक प्रसंग _cविनोद कुमार मिश्र |
||
| 260 |
_aनई दिल्ली _bसुनील साहित्य _c2012 |
||
| 270 |
_bनई दिल्ली _a3320-21, जटवाडा़ दरियागंज,एन.एस. मार्ग, _e110002 |
||
| 300 | 1 |
_a160पृ. _c22सेमी (सजिल्द) |
|
| 650 | _9657 | ||
| 650 | _934273 | ||
| 700 | _948760 | ||
| 710 | _934811 | ||
| 710 | _935049 | ||
| 942 |
_2ddc _cHN _mन्यूटन _h920 |
||
| 999 |
_c67816 _d67816 |
||